| 000 | 00611ntaaa2200193 4500 | ||
|---|---|---|---|
| 003 | 01 | ||
| 005 | 20251027202840.0 | ||
| 008 | 0714s1973 ag 01 | ||
| 040 |
_aAR-BaBN _bspa _cAR-BaBN _eaacr _dRIC |
||
| 082 | _a268.6370 Ov2 | ||
| 100 |
_aOverholtzer, Ruth P _918005 |
||
| 245 | _aEl camino de la salvación según la Biblia | ||
| 250 | _a1 ed. | ||
| 260 |
_aMéxico : _bAlianza Internacional Pro-Evangelización del Niño, _cc1952 |
||
| 300 | _a72 p | ||
| 500 | _aUna serie de lecciones sobre la salvación, preparada para usar con el franelógrafo. | ||
| 650 |
_alecciones ilustradas _919457 |
||
| 942 | _cBK | ||
| 999 |
_c23846 _d23846 |
||